Ч. 1 : Воздушные и кабельные линии электропередачи; Монтаж, наладка, эксплуатация электрооборудования
| Источник: | Монтаж, наладка, эксплуатация электрооборудования: учебное пособие; Национальный исследовательский Томский политехнический университет (ТПУ). Ч. 1 : Воздушные и кабельные линии электропередачи.— , 2010- |
|---|---|
| Главный автор: | |
| Примечания: | Заглавие с титульного экрана Электронная версия печатной публикации В пособии описаны элементы конструкций воздушных и кабельных линий электропередачи, их монтажа, ремонта, технического обслуживания и эксплуатации. Предназначено для студентов дневной и заочной форм обучения специальности 140211 «Электроснабжение» направления 140200 «Электроэнергетика». Режим доступа: из корпоративной сети ТПУ |
| Язык: | русский |
| Опубликовано: |
2010
|
| Предметы: | |
| Online-ссылка: | http://www.lib.tpu.ru/fulltext2/m/2011/m217.pdf |
| Формат: | Электронный ресурс Книга |
| Запись в KOHA: | https://koha.lib.tpu.ru/cgi-bin/koha/opac-detail.pl?biblionumber=196946 |
MARC
| LEADER | 00000nlm2a2200000 4500 | ||
|---|---|---|---|
| 001 | 196946 | ||
| 005 | 20231101224726.0 | ||
| 035 | |a (RuTPU)RU\TPU\book\214839 | ||
| 090 | |a 196946 | ||
| 100 | |a 20110601d2010 m y0rusy50 ca | ||
| 101 | 0 | |a rus | |
| 102 | |a RU | ||
| 105 | |a a j 001zy | ||
| 135 | |a drnn ---uucaa | ||
| 181 | 0 | |a i | |
| 182 | 0 | |a b | |
| 200 | 0 | |a Ч. 1 : Воздушные и кабельные линии электропередачи |b Электронный ресурс |f Е. В. Тарасов | |
| 203 | |a Текст |c электронный | ||
| 210 | |d 2010 | ||
| 300 | |a Заглавие с титульного экрана | ||
| 300 | |a Электронная версия печатной публикации | ||
| 330 | |a В пособии описаны элементы конструкций воздушных и кабельных линий электропередачи, их монтажа, ремонта, технического обслуживания и эксплуатации. Предназначено для студентов дневной и заочной форм обучения специальности 140211 «Электроснабжение» направления 140200 «Электроэнергетика». | ||
| 333 | |a Режим доступа: из корпоративной сети ТПУ | ||
| 337 | |a Adobe Reader | ||
| 452 | 1 | |0 (RuTPU)RU\TPU\book\212536 |t Ч. 1: Воздушные и кабельные линии электропередачи |f Е. В. Тарасов |d 2010 |p 146 с. |a Тарасов, Евгений Владимирович | |
| 461 | 1 | |0 (RuTPU)RU\TPU\book\214835 |t Монтаж, наладка, эксплуатация электрооборудования |o учебное пособие |g Национальный исследовательский Томский политехнический университет (ТПУ) |v Ч. 1 : Воздушные и кабельные линии электропередачи |d 2010- | |
| 606 | 1 | |a Электрооборудование |x Монтаж |2 stltpush |3 (RuTPU)RU\TPU\subj\20593 |9 45687 | |
| 606 | 1 | |a Электрические линии передачи |2 stltpush |3 (RuTPU)RU\TPU\subj\26980 |9 50798 | |
| 610 | 1 | |a воздушные линии электропередачи | |
| 610 | 1 | |a подготовительные работы | |
| 610 | 1 | |a эксплуатация | |
| 610 | 1 | |a кабельные линии | |
| 610 | 1 | |a ремонт | |
| 610 | 1 | |a учебные пособия | |
| 610 | 1 | |a труды учёных ТПУ | |
| 610 | 1 | |a электронный ресурс | |
| 675 | |a 621.31.002.72(075.8) |v 3 | ||
| 675 | |a 621.315.1(075.8) |v 3 | ||
| 700 | 1 | |a Тарасов |b Е. В. |c специалист в области электротехники |c доцент Томского политехнического университета, кандидат технических наук |f 1954- |g Евгений Владимирович |2 stltpush |3 (RuTPU)RU\TPU\pers\27126 | |
| 801 | 1 | |a RU |b 63413507 |c 20110425 | |
| 801 | 2 | |a RU |b 63413507 |c 20150904 |g RCR | |
| 856 | 4 | |u http://www.lib.tpu.ru/fulltext2/m/2011/m217.pdf | |
| 900 | |a Монтаж, наладка и эксплуатация электрооборудования систем электроснабжения | ||
| 942 | |c CF | ||